000 00261nam a22001217a 4500
041 _aENG
100 _aKaprt
245 _aPanlote Shetra Vikas Karykramachi Margadarshak Sute
260 _aDelhi
_bKaprt
_c1999
300 _a38
650 _aGAE
856 _uGAE
999 _c665
_d665